Un film, un pays - Statistiques

Statistiques générales
  • Ce quiz a été pris 51 fois
  • Le résultat moyen est 7 sur 10
Statistiques - réponses
Hint Réponse % Correct
Le trou France
96%
Incendies Canada
82%
Le bon, la bête et le truand Italie
78%
Mad Max : Fury Road Australie
72%
Persona Suède
68%
Le cercle des neiges (Society of snow) Espagne
60%
The celebration (Festen) Danemark
58%
Grave Belgique
56%
Past lives Corée du sud
52%
L'homme qui voulait savoir (The vanishing) Pays-bas
36%
Aucun quiz correspondant
Distribution des résultats
% des personnes avec chaque résultat
Percentile par nombre de réponses
Votre historique - résultats
Vous n’avez pas pris ce quiz